00429cam a2200157ua 45000010005000000080039000050400009000440820013000531000030000662450048000962500009001442600058001533000016002116530018002276530026002454102111214n ii |||gr||||Z||||||asm cMAIN a891.45111 aBora, Mahendra,eEditor.,11aAsamiya Kabita chayanced. by Mahendra Bora a9th. aDibrugarh:bAssamese deptt. Dibrugarh University,985. a94p:c23cm. aAssamese poem aAsamiya Kabita chayan